000 00542nam a2200193 a 4500
001 1768117516183
003 YourLibrary
005 20260112125815.0
008 260111s2010##################000#0#eng##
020 _a9780078049989
082 0 4 _a302.23
_bALE
100 1 _aAlexander, Alison,
_eauthor.
245 1 0 _aTaking Sides: Clashing Views in Mass Media and Society :
260 _bMcGraw-Hill/Dushkin,
_c2010.
300 _a416 pages
650 0 _aBusiness & Economics.
942 _cENGLISH
040 _aYourLibrary
_beng
_cYourLibrary
999 _c608308
_d608308